| 000 | 01099nas a2200277 i 4500 | ||
|---|---|---|---|
| 001 | 2405 | ||
| 003 | ES-MaACL | ||
| 005 | 20250217134625.0 | ||
| 007 | t| | ||
| 008 | 950801c1852 gw | | 1 ||er d | ||
| 080 | _a430 | ||
| 245 | 0 | 0 |
_aZeitschrift für vergleichende Sprachforschung auf dem gebiete des deutschen, griechischen und lateinischen / _cherausgegeben von Theodor Aufrecht und Adalbert Kuhn. |
| 260 |
_aBerlin : _bFerd. Dümmler, _c1852- ( _fA.W. Schade) |
||
| 300 |
_a33 v. ; _c23 cm. |
||
| 362 | 0 | _aT. I (1852)- | |
| 500 | _aNo se publicó durante los años 1876-78, 1880, 1890-91, 1894 y 1897. | ||
| 650 | 1 | 4 |
_aLingüística. Filología. _914477 |
| 700 | 1 |
_aAufrecht, Theodor, _edir. _9194483 |
|
| 700 | 1 |
_aKuhn, Adalbert, _edir. _9194484 |
|
| 700 | 1 |
_aKuhn, E., _edir. _9227640 |
|
| 700 | 1 |
_aSchmidt, J., _edir. _9227641 |
|
| 785 | 0 | 0 |
_tZeitschrift für vergleichende Sprachforschung auf dem Gebiete der indogermanischen Sprachen, _d1875 |
| 852 |
_aES-MaACL _jHem-201 |
||
| 866 | 0 | _o1852-70,1873-75.1879.1881.1883,1887-89.1892-93.1895-96.1898-99. | |
| 999 |
_c2405 _d2405 |
||